Learning disabilities : themes and perspectives (Record no. 230576)

MARC details
000 -LEADER
fixed length control field 00745nam a2200229Ia 4500
008 - FIXED-LENGTH DATA ELEMENTS--GENERAL INFORMATION
fixed length control field 191130s2003##################000#0#eng##
020 ## - INTERNATIONAL STANDARD BOOK NUMBER
ISBN 9780750649568
082 ## - DEWEY DECIMAL CLASSIFICATION NUMBER
Classification number 362.38 MAR
245 ## - TITLE STATEMENT
Title Learning disabilities : themes and perspectives
Statement of responsibility, etc Edited by Anne Markwick, Alan Parrish ; foreword by David Sines
260 ## - PUBLICATION, DISTRIBUTION, ETC. (IMPRINT)
Place of publication Edinburgh ; New York
Name of publisher Butterworth-Heinemann
Year of publication 2003
300 ## - PHYSICAL DESCRIPTION
Number of Pages x, 206 p. : ill. ; 25 cm
500 ## - GENERAL NOTE
General note Includes bibliographical references and index
650 ## - SUBJECT ADDED ENTRY--TOPICAL TERM
Topical Term Learning disabilities
Topical Term Learning disabled
700 ## - ADDED ENTRY--PERSONAL NAME
Personal name Markwick, Anne
Personal name Parrish, Alan
991 ## -
-- 101690
Holdings
Withdrawn status Lost status Damaged status Not for loan Home library Current library Shelving location Date acquired Full call number Accession Number Price effective from Koha item type
        Anna Centenary Library Anna Centenary Library 4TH FLOOR, A WING 13.10.2020 362.38 MAR 119155 13.10.2020 English Books

Find us on the map